Acteurs qui ont incarné Batman MAJ - Statistiques

Statistiques générales
  • Ce quiz a été pris 223 fois
    54 depuis la dernière actualisation
  • Le résultat moyen est 6 sur 12
Statistiques - réponses
Par images Réponse % Correct
Christian Bale
92%
George Clooney
92%
Ben Affleck
90%
Robert Pattinson
86%
Val Kilmer
70%
Michael Keaton
68%
Adam West
40%
Robert Lowery
34%
Kevin Conroy
24%
David Mazouz
16%
Lewis G Wilson
4%
Bruce Thomas
2%
Aucun quiz correspondant
Distribution des résultats
% des personnes avec chaque résultat
Percentile par nombre de réponses
Votre historique - résultats
Vous n’avez pas pris ce quiz depuis la dernière actualisation